000 03546nam a22003497a 4500
005 20170131083141.0
008 130821s19041906fr a|||grff 1 fre
040 _aCo-BoUCM
_bspa
_cSandra Yazo
_dSandra Yazo
041 0 _afre
082 0 4 _a20
_b220.6
092 _aE42N003
100 1 _aVigouroux, Fulcran Grégoire
_d1837-1915
_983683
242 0 0 _aManual Bíblico. Curso de Sagrada Escritura para Seminarios.
_bAntiguo Testamento ; [-Nuevo Testamento]
_c por F. Vigouroux ; [-por L. Bacuez]
_yspa
245 0 0 _aManuel Biblique ou Cours D'écriture Sainte à l’usage des Séminaires
_bAncien Testament ; [-Nouveau Testament]
_cpar F. Vigouroux ; [-par L. Bacuez ]
250 _aDouzième édition [Duodécima edición]
_brevue et augmentée [ampliada y corregida]
260 _aParís (Francia)
_bA. et R. Roger et F. Chernoviz
_c1904 -1906
300 _a4 volúmenes (828 ; 892 ; 706 ; 734 páginas)
_c19 x 12 cm.
490 _aNouvelle Bibliothèque Thélogique [Nueva Biblioteca Teológica]
500 _aDetalles físicos: Encuadernación rígida (española) en cartón duro, forrado en piel de color claro con jaspeados. Lomo con nervaduras sobresalientes sobre costuras, tejuelos de piel y adornos decorados en dorado. Guardas en papel de agua. Hoja de cortesía. Anteportada. Portada impresa en una sola tinta con un pequeño grabado del emblema de la Virgen María. Texto impreso en una sola columna, con varios tipos y tamaños de letra. Notas de pie de página. Párrafos numerados. Ilustraciones y grabados entre el texto. Plegable V.2 en pág. 556 y V.3 pág. 130. Índices. Cinta para señalar la lectura. Papel con algunas manchas, lomos con algunas raspaduras
500 _aEjemplares agrupadas en un solo registro para mantener el orden de la colección, varias ediciones. V.1 (1905)12ª ed., V.2 (1906) 12ª ed. y V.3 y V.4: (1904) 11ª ed.
505 0 _aV.1: Introducción: La Inspiración ; El Canon ; Texto original y versiones ; Hermenéutica bíblica ; Calendario ; Pesos y medidas ; Resumen de la historia de la interpretación bíblica ; Antiguo Testamento ; Pentateuco: Introducción ; Cosmogonía mosaica ; El primer hombre ; El diluvio ; Tabla etnográfica ; Babel ; Los Patriarcas ; Moisés ; La Ley mosaica -- V.2: Antiguo Testamento ; Libros Históricos: Josué ; Los Jueces ; Ruth ; Los Libros de los Reyes ; Libro de Las Crónicas ; Los dos libros de Esdras ; Tobías ; Judith ; Ester ; Libros de los Macabeos ; Libros Didácticos y Sapienciales: La poesía hebrea ; Libro de Job ; Los Salmos ; Los Proverbios ; El Eclesiastés ; El Cantar de los Cantares, Libro de la Sabiduría ; El Libro del Eclesiástico -- V.3: Introducción al Nuevo Testamento ; Nuevo Testamento ; Jesucristo, según los Evangelios ; De la Encarnación al comienzo de la predicación ; La predicación del Evangelio ; Hechos naturales y sobrenaturales ; La doctrina de Nuestro Señor ; La Pasión ; Muerte y Resurrección ; Ascensión -- V.4: Nuevo Testamento ; Historia: Los Hechos de los Apóstoles ; Doctrina: Las Cartas ; Cartas de San Pablo ; Las epístolas católicas ; Profecía: El Apocalipsis ; Conclusión
506 _aConsulta en sala
546 _aTexto en francés
630 0 _aBiblia
_94831
630 0 _aBiblia
_vManuales
_94831
650 7 _aOratoria sagrada
_920808
650 7 _aHermenéutica bíblica
_916781
_xManuales
650 7 _aSagradas escrituras
_923889
_vManuales
690 _aTeología
_925230
700 1 _aBacuez, L.
_c1820-1892
_q(Louis)
_983684
942 _cLIBRO
_e1
_2LOCAL
_h220E42N003
999 _c305833
_d305833